| 000 | 00481nam a2200193 a 4500 | ||
|---|---|---|---|
| 001 | 1770118679343 | ||
| 003 | YourLibrary | ||
| 005 | 20260203171019.0 | ||
| 008 | 260203s2003##################000#0#eng## | ||
| 020 | _a9780571214600 | ||
| 082 | 0 | 4 |
_a305.23 _bNEW |
| 100 | 1 |
_aNewton, Michael, _eauthor. |
|
| 245 | 1 | 0 | _aSavage Girls and Wild Boys : |
| 260 | _c2003. | ||
| 300 | _a284 pages | ||
| 650 | 0 | _aChild abuse. | |
| 942 | _cENGLISH | ||
| 040 |
_aYourLibrary _beng _cYourLibrary |
||
| 999 |
_c610083 _d610083 |
||